Дело о высочайшем разрешении давать на санкт-петербургских театрах пьесу "Échec et Mat"

Доступно только в Электронных читальных залах Найти на картеНа карте
RUSMARC
00003743nmc2a22000003x 450
0017fd26493-f737-491b-a2a9-2970bfad7b36
00520181226121859.0
100##$a20170629l18471847k l0rusy0189 ca
1010#$arus
102##$aRU
2001#$aДело о высочайшем разрешении давать на санкт-петербургских театрах пьесу "Échec et Mat"
$j27 октября 1847 г.
251##$cДело
300##$aПо Канцелярии директора за 1847 год
300##$aДело
801#0$aRU
$bРГИА
$c20170629
$gRCR
801#1$aRU
$bГлавНИВЦ
$c20170629
$2rusmarc
801#2$aRU
$bПБ им. Б.Н. Ельцина
$c20181226
$gRCR
$2rusmarc
850##$aРГИА
852##$aРГИА
$eФедеральное казенное учреждение "Российский государственный исторический архив" (РГИА)
$j11470
937##$hРГИА
$d12247395
$aASBIBLIO_SCAN
462#0$1001dd3991dc-24e1-42ec-8838-ca4255420416
$12001
$aДирекция императорских театров (1746-1850 гг.)
$1251
$cОпись
$1852
$j1
461#0$10019264ebf8-de62-4f1a-9eb4-9f22098dbbd5
$12001
$aДирекция императорских театров Министерства императорского двора
$1251
$cФонд
$1852
$j497
215##$a4 л.
$d36,5х26 см
371##$aДокумент не является опубликованным и широко распространяемым
105##$ay###
1220#$ad
035##$a7fd26493-f737-491b-a2a9-2970bfad7b36
856##$uhttp://readingroom.main.prlib.ru/item.aspx?id_node=n122428906&mode=full
Формат отображения